Normal view
MARC view
- Hodson, Tim
Entry Personal Name
001 - CONTROL NUMBER
- control field: 133127
003 - CONTROL NUMBER IDENTIFIER
- control field: NUST
005 - DATE AND TIME OF LATEST TRANSACTION
- control field: 20260209100815.0
008 - FIXED-LENGTH DATA ELEMENTS
- fixed length control field: 260209|| aca||aabn | a|a d
040 ## - CATALOGING SOURCE
- Original cataloging agency: NUST
- Transcribing agency: NUST
100 ## - HEADING--PERSONAL NAME
- Personal name: Hodson, Tim
670 ## - SOURCE DATA FOUND
- Source citation: Work cat.: (NUST): Hodson, Tim., Using ArcGIS survey analyst: GIS by ESRI /, 2002.
